| 000 | 00620nam a2200169 a 4500 | ||
|---|---|---|---|
| 001 | 000045008 | ||
| 005 | 20201002045812.0 | ||
| 008 | 150128s1964 xxu 000 0 spa d | ||
| 040 |
_aDO-SdBNP _bspa _cBNPHU |
||
| 100 | 1 |
_aOlson, Natanael _973018 |
|
| 245 | 1 | 0 |
_aComo ganar a tu familia para cristo. / _cNatanael Olson; versión castellana, Ildefonso Villarello V. |
| 260 |
_aEl Paso, Texas, EE. UU., : _bCasa Bautista de publicaciones, _c1964. |
||
| 300 |
_a81 p. ; _c19 cm. |
||
| 490 | 1 | _aBiblioteca de libros condensados | |
| 700 | 1 | 2 |
_aVillarello V., Ildefonso _973019 |
| 830 | 0 |
_aBiblioteca de libros condensados _959493 |
|
| 999 |
_c44497 _d44497 |
||